| 000 | 00631nam a2200205 a 4500 | ||
|---|---|---|---|
| 005 | 20210223133410.0 | ||
| 008 | 170912s2006 ea r 000 0 spa d | ||
| 020 | _a1404274510 | ||
| 035 | _aUPN01000220434 | ||
| 049 | _aI | ||
| 050 | 4 |
_aQL737 C2.7 _bCH5.6 |
|
| 100 | 1 |
_aChilek, Deborah _942770 |
|
| 245 | 1 | 3 |
_aEl oso panda / _cDeborah Chilek ; tr. José Maria Obregón. |
| 260 |
_aNew York : _bRosen Classroom Books & Materials, _cc2006. |
||
| 300 |
_a8 p. : _bprincipalmente il. col. |
||
| 440 | 0 | _aRosen real readers en español | |
| 650 | 4 |
_aOSOS - _vLITERATURA INFANTIL _923577 |
|
| 905 | _aInfantil | ||
| 999 |
_c192533 _d192533 |
||